000 01847nam a2200445Ia 4500
001 MIU01100000000000000000231
003 MiU
005 20231010141554.0
008 150709s2007 inuabf sb 001 0 eng d
007 cr mnummmmuuuu
040 _aMiU
_cMiU
024 7 _a2027/heb32485
_2hdl
090 _aDS134.53
_b(INTERNET)
100 1 _aKassow, Samuel D.
_952770
245 1 0 _aWho will write our history?
_h[electronic resource] :
_bEmanuel Ringelblum, the Warsaw Ghetto, and the Oyneg Shabes Archive /
_cSamuel D. Kassow.
246 3 0 _aEmanuel Ringelblum, the Warsaw Ghetto, and the Oyneg Shabes Archive
300 _axiii, 523 p., [24] p. of plates :
_bill., maps ;
_c25 cm.
490 1 _aHelen and Martin Schwartz lectures in Jewish studies
504 _aIncludes bibliographical references (p. 481-493) and index.
588 _aDescription based on print version.
650 0 _xPersecutions
_zPoland
_zWarsaw.
_952771
610 2 0 _aOyneg Shabes (Group)
_952772
650 0 _zPoland
_zWarsaw
_xHistory.
_952773
651 0 _aWarsaw (Poland)
_xHistory
_yWarsaw Ghetto Uprising, 1943.
_952774
600 1 0 _aRingelblum, Emanuel,
_d1900-1944.
_952775
610 2 0 _aRingelblum-Archiv
_xHistory.
_952776
830 0 _aHelen and Martin Schwartz lectures in Jewish studies.
_952777
830 0 _aACLS Humanities E-Book.
_952778
856 4 0 _zVolltext
_uhttps://hdl.handle.net/2027/heb32485
942 _cEB
500 _aE-Book-ACLS / Zugriff nur im DHI-Lesesaal
653 _aJews
653 _aHolocaust, Jewish (1939-1945)
336 _2rdacontent
_btxt
_aText
337 _2rdamedia
_bbc
_aComputermedien
338 _2rdacarrier
_bcr
_aOnline Ressource
264 _aBloomington :
_bIndiana University Press,
_cc2007.
041 _aeng
500 _aAmerican Council of Learned Societies/ https://www.humanitiesebook.org/about/
999 _c68579
_d68579